Węgry - Komitaty Węgier (Podział administracyjny Węgier) - Mapa - Statystyki

Ogólne statystyki
  • Ten quiz został rozwiązany 571 razy
  • Średni wynik to 7 z 20
Odpowiedzi na mapie
Odpowiedzi zakodowano w zielono-czerwonej skali na mapie do tego quizu, zgodnie z poniższymi procentami.
 
Statystyki odpowiedzi
Komitat Siedziba % Poprawnych
Pest Budapeszt
99%
Budapeszt Budapeszt
97%
Győr-Moson-Sopron Győr
51%
Hajdú-Bihar Debreczyn
50%
Baranya Pécs
40%
Borsod-Abaúj-Zemplén Miszkolc
38%
Csongrád-Csanád Szeged
37%
Fejér Székesfehérvár
36%
Vas Szombathely
33%
Heves Eger
30%
Veszprém Veszprém
30%
Zala Zalaegerszeg
30%
Szabolcs-Szatmár-Bereg Nyíregyháza
25%
Komárom-Esztergom Tatabánya
23%
Jász-Nagykun-Szolnok Szolnok
21%
Somogy Kaposvár
21%
Békés Békéscsaba
19%
Bács-Kiskun Kecskemét
18%
Nógrád Salgótarján
18%
Tolna Szekszárd
18%
Nie znaleziono quizów pasujących do podanych kryteriów
Rozkład punktacji
Procent ludzi z każdym wynikiem
Percentyl według liczby udzielonych odpowiedzi
Twoja historia wyników
Nie rozwiązałeś tego quizu